[Event "Mittelrhein Verbandsliga-M 16/17"]
[Site "Nordrheinwestfalen"]
[Date "2016.12.18"]
[Round "5.5"]
[White "Lohmann, Eckhard"]
[Black "Wolff, Michael"]
[Result "1/2-1/2"]
[WhiteElo "1881"]
[BlackElo "1982"]
[PlyCount "60"]
[EventDate "2016.09.11"]
[EventType "team-tourn"]
[EventRounds "11"]
[EventCountry "GER"]
[SourceTitle "EXT 2022"]
[Source "ChessBase"]
[SourceDate "2021.10.06"]
[SourceVersion "1"]
[SourceVersionDate "2021.10.06"]
[SourceQuality "1"]
[WhiteTeam "Esch SF"]
[BlackTeam "Koeln Ford SF"]
[WhiteTeamCountry "GER"]
[BlackTeamCountry "GER"]

1. e4 c5 2. Nc3 Nc6 3. d3 Nf6 4. g3 e6 5. Bg2 d5 6. exd5 exd5 7. Bg5 d4 8. Nd5 Be7 9. Nxe7 Qxe7+ 10. Qe2 Be6 11. Nh3 h6 12. Bxf6 Qxf6 13. Nf4 0-0 14. 0-0 Rfe8 15. Qh5 Qg5 16. Qxg5 hxg5 17. Bxc6 bxc6 18. Nxe6 Rxe6 19. Rfe1 Rae8 20. Kf1 g4 21. Rxe6 Rxe6 22. Re1 Rxe1+ 23. Kxe1 Kf8 24. Kd2 Ke7 25. c4 Kd6 26. Kc2 Kc7 27. Kb3 Kb6 28. Ka4 a5 29. a3 g6 30. Kb3 Kc7 1/2-1/2

[Event "Mittelrhein Verbandsliga-M 16/17"]
[Site "Nordrheinwestfalen"]
[Date "2016.11.27"]
[Round "4.6"]
[White "Lohmann, Eckhard"]
[Black "Yilmaz, Izzet"]
[Result "1-0"]
[WhiteElo "1881"]
[BlackElo "1871"]
[PlyCount "67"]
[EventDate "2016.09.11"]
[EventType "team-tourn"]
[EventRounds "11"]
[EventCountry "GER"]
[SourceTitle "EXT 2022"]
[Source "ChessBase"]
[SourceDate "2021.10.06"]
[SourceVersion "1"]
[SourceVersionDate "2021.10.06"]
[SourceQuality "1"]
[WhiteTeam "Esch SF"]
[BlackTeam "Satranc Club"]
[WhiteTeamCountry "GER"]
[BlackTeamCountry "GER"]

1. e4 e6 2. Qe2 c5 3. g3 Nc6 4. c3 Nf6 5. Bg2 Be7 6. d3 0-0 7. f4 d5 8. Nf3 c4 9. e5 cxd3 10. Qxd3 Nd7 11. Nbd2 f6 12. exf6 Nc5 13. Qc2 gxf6 14. Nb3 Qc7 15. Be3 b6 16. 0-0 Ne4 17. Nfd4 Nxd4 18. Nxd4 f5 19. Rad1 Bd7 20. Qe2 Rf7 21. Nf3 Rg7 22. Bd4 Bc5 23. Kh1 Rxg3 24. Bxc5 bxc5 25. Ng5 Rg4 26. Bxe4 dxe4 27. Qe3 h6 28. h3 Rh4 29. Qg3 Qc6 30. Qxh4 hxg5 31. Qxg5+ Kf7 32. Rg1 e3+ 33. Kh2 e5 34. Qg7+ 1-0

[Event "Mittelrhein Verbandsliga-M 15/16"]
[Site "Nordrheinwestfalen"]
[Date "2016.01.31"]
[Round "7.6"]
[White "Lohmann, Eckhard"]
[Black "Pister, Gottlieb"]
[Result "0-1"]
[WhiteElo "1882"]
[BlackElo "1753"]
[PlyCount "78"]
[EventDate "2015.09.06"]
[EventType "team-tourn"]
[EventRounds "11"]
[EventCountry "GER"]
[SourceTitle "EXT 2022"]
[Source "ChessBase"]
[SourceDate "2021.10.06"]
[SourceVersion "1"]
[SourceVersionDate "2021.10.06"]
[SourceQuality "1"]
[WhiteTeam "Esch SF"]
[BlackTeam "Koeln Longerich"]
[WhiteTeamCountry "GER"]
[BlackTeamCountry "GER"]

1. e4 c5 2. Nc3 Nc6 3. g3 Nf6 4. Bg2 e6 5. d3 d5 6. exd5 Nxd5 7. Nge2 Be7 8. 0-0 0-0 9. Re1 Bf6 10. Nxd5 exd5 11. Nf4 Ne7 12. Nh5 Ng6 13. Nxf6+ Qxf6 14. Bxd5 Rb8 15. Qh5 b6 16. Be4 h6 17. c3 Bd7 18. Bd2 Rbe8 19. Re3 Ne5 20. h3 Ng6 21. Rae1 Re5 22. Qf3 Bf5 23. Bxf5 Rxf5 24. Qg2 Re5 25. f4 Rxe3 26. Rxe3 h5 27. Qf3 h4 28. f5 Ne5 29. Qf4 Nc6 30. g4 g5 31. Qe4 Qd6 32. Qf3 Ne5 33. Qe2 f6 34. Be1 Rd8 35. Bf2 Nxd3 36. Re6 Nf4 37. Re8+ Kf7 38. Rxd8 Nxe2+ 39. Kf1 Qxd8 0-1